Remembering Dr Gangadhar Adhikari : (Record no. 66439)

MARC details
000 -LEADER
fixed length control field 00470nam a22001457a 4500
005 - DATE AND TIME OF LATEST TRANSACTION
control field 20170828104532.0
020 ## - INTERNATIONAL STANDARD BOOK NUMBER
International Standard Book Number 8170071934
Terms of availability 200.00
035 ## - SYSTEM CONTROL NUMBER
System control number B-055321
037 ## - SOURCE OF ACQUISITION
Stock number DPL
Source of stock number/acquisition ENG
245 ## - TITLE STATEMENT
Title Remembering Dr Gangadhar Adhikari :
Remainder of title Selection from writings /
Statement of responsibility, etc edited by Amar Farooqui
260 ## - PUBLICATION, DISTRIBUTION, ETC. (IMPRINT)
Place of publication, distribution, etc New Delhi
Name of publisher, distributor, etc People's Publishing House
Date of publication, distribution, etc 2000
300 ## - PHYSICAL DESCRIPTION
Extent xxxi, 384p.
Dimensions 20 cms.
700 ## - ADDED ENTRY--PERSONAL NAME
Personal name Farooqui, Amar
9 (RLIN) 46844
942 ## - ADDED ENTRY ELEMENTS (KOHA)
Source of classification or shelving scheme Dewey Decimal Classification
Item type English Books
Classification part 335.430092
Call number suffix REM
Holdings
Withdrawn status Lost status Not for loan Collection code Home library Current library Date acquired Cost, normal purchase price Full call number Barcode Cost, replacement price Koha item type
      Non-fiction Sarojini Nagar Sarojini Nagar 10/05/2012 200.00 335.430092 REM B-055321 200.00 English Books
      Non-fiction Sarojini Nagar Sarojini Nagar 11/05/2012 200.00 335.430092 REM B-088691 200.00 English Books

© Delhi Public Library
Hit Counter
free hit counter